[Event "TCh-HUN 2011-12"]
[Site "Budapest HUN"]
[Date "2012.05.06"]
[Round "10"]
[White "To,N"]
[Black "Csiszar,Z"]
[Result "1/2-1/2"]
[WhiteElo "2298"]
[BlackElo "2272"]

1.Nf3 Nf6 2.c4 e6 3.g3 d5 4.d4 Be7 5.Bg2 O-O 6.O-O dxc4 7.Qc2 a6 8.Qxc4 b5
9.Qc2 Bb7 10.Bd2 Nbd7 11.Ba5 Rc8 12.Rd1 Qe8 13.e3 c5 14.dxc5 Nxc5 15.Qe2 Bd5
16.Nbd2 Nfe4 17.Nxe4 Nxe4 18.Nd4 Bc5 19.Qd3 Nf6 20.Bxd5 Nxd5 21.Nb3 Be7 22.e4 Nb4
23.Qe2 Nc6 24.Bc3 Bb4 25.Rac1 Qe7 26.Bxb4 Qxb4 27.Qe3 Ne5 28.Rxc8 Rxc8 29.Kg2 h6
30.a3 Qe7 31.Qe2 Nc4 32.Nd4 Qb7 33.Nf3 Qc7  1/2-1/2

[Event "Asian Continental w 2012"]
[Site "Ho Chi Minh City VIE"]
[Date "2012.05.06"]
[Round "2.3"]
[White "Le Thanh Tu"]
[Black "Tan Zhongyi"]
[Result "0-1"]
[WhiteElo "2313"]
[BlackElo "2430"]

1.Nf3 d5 2.d4 Nf6 3.c4 e6 4.g3 Be7 5.Bg2 O-O 6.O-O dxc4 7.Ne5 Nc6 8.Nxc6 bxc6
9.Na3 Bxa3 10.bxa3 Rb8 11.a4 Qe7 12.Qd2 Rd8 13.Qa5 Nd5 14.Qxa7 Rb6 15.Bxd5 cxd5
16.Bf4 Rc6 17.Qa5 e5 18.Bxe5 f6 19.Bf4 Bh3 20.Qb5 Qxe2  0-1

[Event "42nd Bosna Open B"]
[Site "Sarajevo BIH"]
[Date "2012.05.06"]
[Round "3.10"]
[White "Banduka,Z"]
[Black "Grubacic,Mile"]
[Result "1-0"]
[WhiteElo "2170"]
[BlackElo "2025"]

1.d4 Nf6 2.c4 e6 3.g3 d5 4.Bg2 Be7 5.Nf3 b6 6.Nc3 Bb7 7.Ne5 O-O 8.O-O Qc8
9.cxd5 exd5 10.Bf4 Qf5 11.Qb3 c6 12.f3 Nbd7 13.e4 Qe6 14.exd5 Nxd5 15.Nxd5 cxd5
16.Ng4 Nf6 17.Rfe1 Qd7 18.Rac1 Rfc8 19.Nf2 Rxc1 20.Bxc1 Kf8 21.Bh3 Qc6 22.Bd2 a5
23.Rc1 Qd6 24.a3 Bd8 25.Bf4 Qe7 26.Qc3 Ne8 27.Re1 Qf6 28.Bd7 Be7 29.Ng4 Qg6
30.Qe3 f5 31.Qxe7+ Kg8 32.Ne5  1-0

[Event "85th ch-St Petersburg"]
[Site "St Petersburg RUS"]
[Date "2012.05.10"]
[Round "6"]
[White "Yevseev,D"]
[Black "Usmanov,V"]
[Result "1-0"]
[WhiteElo "2529"]
[BlackElo "2358"]

1.d4 d5 2.Nf3 e6 3.c4 Nf6 4.g3 Be7 5.Bg2 O-O 6.O-O dxc4 7.Qc2 b5 8.a4 b4
9.Nfd2 Nd5 10.Nxc4 Bb7 11.Nbd2 c5 12.dxc5 Bxc5 13.Nb3 Qe7 14.e4 Nf6 15.Bg5 Rc8
16.Rac1 Bb6 17.Qe2 Bd8 18.Nba5 Bxa5 19.Nxa5 Nc6 20.Rxc6 Bxc6 21.Nxc6 Qc5
22.e5 h6 23.Be3  1-0

[Event "FSGM May 2012"]
[Site "Budapest HUN"]
[Date "2012.05.11"]
[Round "7"]
[White "Flumbort,A"]
[Black "Manca,F"]
[Result "1-0"]
[WhiteElo "2503"]
[BlackElo "2424"]

1.Nf3 Nf6 2.c4 e6 3.g3 d5 4.d4 Be7 5.Bg2 O-O 6.O-O dxc4 7.Qc2 a6 8.a4 a5
9.Qxc4 Nc6 10.Nc3 Nb4 11.Rd1 b6 12.Ne5 Ba6 13.Qb3 Rc8 14.Nb5 Qe8 15.Na7 Rd8
16.Nac6 Rd6 17.Nxb4 axb4 18.Bf3 c5 19.Be3 cxd4 20.Bxd4 Nd5 21.e4 Nf6 22.Nc4 Rxd4
23.Rxd4 e5 24.Rd2 Bc5 25.Nd6 Qe7 26.Nf5 Qc7 27.Ne3 g6 28.Rc1 Qe7 29.Nd5 Nxd5
30.Qxd5 Qg5 31.Rcd1 Bc8 32.a5 Be6 33.Qc6 Rc8 34.Qxc8+ Bxc8 35.Rd8+ Kg7 36.Rxc8 Qf6
37.Kg2 Qe6 38.Rc7 Qa2 39.axb6  1-0

[Event "30th Liechtenstein Open 2012"]
[Site "Triesen LIE"]
[Date "2012.05.11"]
[Round "1.23"]
[White "Kessler,L"]
[Black "Zahn,Alina"]
[Result "1/2-1/2"]
[WhiteElo "2233"]
[BlackElo "1773"]

1.d4 d5 2.c4 e6 3.Nf3 Nf6 4.g3 Be7 5.Bg2 O-O 6.O-O dxc4 7.Qc2 a6 8.Qxc4 b5
9.Qc2 Bb7 10.Bd2 Ra7 11.a3 Nc6 12.Rd1 Qb8 13.Nc3 Rc8 14.b4 Rd8 15.Bg5 h6
16.Bf4 Bd6 17.Rac1 Bxf4 18.gxf4 Ne7 19.e3 Qa8 20.Ne1 Bxg2 21.Nxg2 Qf3 22.Qe2 Qxe2
23.Nxe2 a5 24.Nc3 Rb8 25.Ne1 axb4 26.axb4 Ned5 27.Nd3 Nxc3 28.Rxc3 Nd5 29.Rc5 Ra4
30.Rb1 Ra3 31.Ne5 Ra4 32.Nc6 Rb6 33.Kg2 Ra2 34.Kf3 Ra3 35.f5 Raa6 36.Ne5 Ra4
37.fxe6 fxe6 38.Nd3 Ra3 39.Ne5 Ra4 40.Nc6 Raa6 41.Ne5 Ra4  1/2-1/2

[Event "ch-Catalunya 2012"]
[Site "Barcelona ESP"]
[Date "2012.05.16"]
[Round "3.1"]
[White "Narciso Dublan,M"]
[Black "Fluvia Poyatos,Joa"]
[Result "1/2-1/2"]
[WhiteElo "2541"]
[BlackElo "2490"]

1.d4 Nf6 2.c4 e6 3.g3 d5 4.Bg2 Be7 5.Nf3 O-O 6.O-O dxc4 7.Qc2 a6 8.a4 Nc6
9.Qxc4 Qd5 10.Qd3 Qf5 11.Qxf5 exf5 12.Nc3 Nb4 13.Bf4 c6 14.a5 Be6 15.Bg5 h6
16.Bxf6 Bxf6 17.e3 c5 18.dxc5 Nd3 19.Nd4 Nxc5 20.Ra3 Rad8 21.Nxe6 fxe6 22.b4 Nd3
23.Nd5 exd5 24.Rxd3 d4 25.Bxb7 dxe3 26.Rxe3 Rd4 27.Rb1 Rb8 28.Bxa6 Rbxb4
29.Rxb4 Rxb4 30.Ra3 Bd4 31.Ra2 g6 32.Be2 Rb2 33.Rxb2 Bxb2 34.f4 Kf7 35.a6 Bd4+
36.Kf1 g5 37.Bd3 Ke6 38.Ke2 g4 39.Kd2 Bg1 40.Kc3 h5 41.Kc4 Kd6 42.Bxf5 Kc6
43.Be4+ Kb6 44.f5 Bxh2 45.f6 Bxg3 46.Kd5 Be1 47.f7 Bb4 48.Ke5 Kxa6 49.Kf4  1/2-1/2

[Event "Serbia Cup Final 2012"]
[Site "Kragujevac SRB"]
[Date "2012.05.17"]
[Round "4"]
[White "Markus,Rob"]
[Black "Pavlovic,Milos"]
[Result "1/2-1/2"]
[WhiteElo "2628"]
[BlackElo "2519"]

1.d4 d5 2.c4 e6 3.Nf3 Be7 4.g3 Nf6 5.Bg2 O-O 6.O-O dxc4 7.Qc2 a6 8.a4 Bd7
9.Qxc4 Bc6 10.Bg5 Bd5 11.Qc2 Be4 12.Qd1 c5 13.dxc5 Bxc5 14.Nc3 Bc6 15.Ne5 Bxg2
16.Kxg2 h6 17.Bxf6 Qxf6 18.f4 Qe7 19.Rf3 Rd8 20.Rd3 Nc6 21.Nxc6 bxc6 22.Ne4 Bb6
23.a5 Ba7 24.Rc1 c5 25.Nd6 Bb8 26.Nc4 Bc7 27.Rcc3 Qe8 28.Qf1 Rd5 29.Qf3 Rad8
30.Nb6 Bxb6 31.axb6 Qc6 32.b4 c4 33.Rd4 Qxb6 34.Rdxc4 Rd1 35.Qe3 Qb7+ 36.Qf3 Qb6
37.Qe3  1/2-1/2

[Event "30th Liechtenstein Open 2012"]
[Site "Triesen LIE"]
[Date "2012.05.17"]
[Round "7.9"]
[White "Kessler,L"]
[Black "Izsak,Gyu"]
[Result "1/2-1/2"]
[WhiteElo "2233"]
[BlackElo "2483"]

1.d4 Nf6 2.c4 e6 3.g3 d5 4.Nf3 Be7 5.Bg2 O-O 6.O-O dxc4 7.Qc2 a6 8.Qxc4 b5
9.Qc2 Bb7 10.Bd2 Be4 11.Qc1 Nc6 12.e3 b4 13.Ne5 Bxg2 14.Nxc6 Bxc6 15.Qxc6 a5
16.a3 Bd6 17.Rc1 Qb8 18.Be1 e5 19.d5 Qc8 20.axb4 axb4 21.Nd2 Rxa1 22.Rxa1 Qh3
23.Qc4 Ng4 24.Nf1 f5 25.f3 Nf6 26.Bxb4 f4 27.exf4 Nd7 28.Bxd6 cxd6 29.Qc6 exf4
30.Qxd6 fxg3 31.Qe6+ Qxe6 32.dxe6 gxh2+ 33.Nxh2 Nc5 34.e7 Re8 35.Ra7 Nd3
36.b3 Kf7 37.Nf1 Rxe7 38.Rxe7+ Kxe7 39.Kg2 g5 40.Kg3 h5 41.Ne3 Kf6 42.Nd5+ Ke6
43.Ne3 Ke5 44.Nc4+ Kd4 45.Nd6 Ke5 46.Nc4+ Kf6 47.Ne3 Kg6 48.Ng2 Kf5 49.Ne3+ Ke5
50.Nc4+ Kd4 51.Nd6 Ne5 52.Ne4 h4+ 53.Kh3 Nxf3 54.Nxg5 Nxg5+ 55.Kxh4  1/2-1/2

[Event "6th Wunsiedel Open"]
[Site "Wunsiedel GER"]
[Date "2012.05.17"]
[Round "2"]
[White "Lorenz,Ma"]
[Black "Fedorovsky,M"]
[Result "0-1"]
[WhiteElo "2250"]
[BlackElo "2403"]

1.Nf3 d5 2.d4 Nf6 3.c4 e6 4.g3 Be7 5.Bg2 O-O 6.O-O dxc4 7.a4 Nc6 8.e3 e5
9.Nxe5 Nxe5 10.dxe5 Qxd1 11.Rxd1 Nd7 12.f4 Nc5 13.Nc3 c6 14.a5 f6 15.exf6 Bxf6
16.Ne4 Nxe4 17.Bxe4 Bg4 18.Rf1 Rad8 19.a6 Rfe8 20.Bg2 c3 21.bxc3 bxa6 22.Ra3 Be7
23.Ra5 Be2 24.Bxc6 Bxf1 25.Kxf1 Rd1+ 26.Ke2 Red8 27.Ba3 R8d2+ 28.Kf3 Ra1
29.Bb4 Rxa5 30.Bxa5 Rxh2 31.e4 Kf8 32.Bd5 Rh1 33.e5 Ra1 34.Bc7 Ra3 35.Kg4 Rxc3
36.Bb8 a5 37.e6 a4 38.Be5 Rc5 39.Ba2 a3 40.Bd4 h5+ 41.Kf3 Rc2 42.Bb3 Rc7
43.Ke4 Bf6 44.Be3 Rb7 45.Bd5 Rb4+ 46.Kd3 Rb2 47.Bc5+ Be7 48.Bd4 Rh2 49.Bxa7 a2
50.Bd4 Bf6 51.Bc5+ Ke8  0-1

[Event "50th ch-IND Challengers 2012"]
[Site "Tirupati IND"]
[Date "2012.05.19"]
[Round "2.13"]
[White "Sanjay,N"]
[Black "Santanu,B"]
[Result "1-0"]
[WhiteElo "2343"]
[BlackElo "2120"]

1.Nf3 d5 2.d4 Nf6 3.c4 e6 4.g3 Be7 5.Bg2 O-O 6.O-O dxc4 7.Qc2 a6 8.Qxc4 b5
9.Qc2 Bb7 10.Bd2 Be4 11.Qc1 Nbd7 12.Ba5 Rc8 13.Nbd2 Ba8 14.Qc2 Qe8 15.b4 Bd6
16.e4 e5 17.Rfe1 Qe6 18.Rac1 Rfe8 19.Nb3 Qg4 20.dxe5 Bxe5 21.Nfd2 h5 22.f3 Qg6
23.f4 h4 24.fxe5 Nxe5 25.Nf1 hxg3 26.Nxg3 Nfg4 27.h3 Nf6 28.Qc3 Nc4 29.Nc5 Re5
30.Qf3 Rxc5 31.bxc5 Nxa5 32.Qf5 Qxf5 33.exf5 Bxg2 34.Kxg2 Nc6 35.Rcd1 a5
36.Ne4 Nxe4 37.Rxe4 b4 38.Kf2 Kf8 39.Ke3 Rb8 40.Kd2 Rb5 41.Rde1 f6 42.Re8+ Kf7
43.Rc8 Rxc5 44.Rxc7+ Kf8 45.Re6 Rd5+ 46.Ke3 Nd4 47.Rc8+ Kf7 48.Ke4 Rd7 49.Ra6 Nb5
50.Kf4 Nd4 51.Rb8 Ne2+ 52.Kg4 Nd4 53.Kf4 Ne2+ 54.Kf3 Re7 55.Raa8 Nd4+ 56.Kf4 g5+
57.fxg6+ Kxg6 58.Rb6 Ne6+ 59.Kg4 Ng7 60.Rxa5 Re4+ 61.Kf3 Rh4 62.Kg2 Rc4 63.Ra4 Rc2+
64.Kg1 Rc1+ 65.Kf2 Rc2+ 66.Ke1 Rh2 67.Rbxb4 f5 68.h4 Kh5 69.Rf4 Rb2 70.Ra7 Kg6
71.Rc4 Rb6 72.Rac7 Rb1+ 73.Kf2 Rb2+ 74.Rc2 Rb4 75.R2c6+ Kh7 76.h5 Rh4 77.Rg6  1-0

[Event "TCh-HUN 2011-12"]
[Site "Nagykanizsa HUN"]
[Date "2012.05.20"]
[Round "11"]
[White "Gonda,L"]
[Black "Sarosi,Z"]
[Result "1-0"]
[WhiteElo "2520"]
[BlackElo "2297"]

1.d4 d5 2.c4 e6 3.Nf3 Nf6 4.g3 Be7 5.Bg2 O-O 6.O-O c6 7.Qc2 Nbd7 8.Rd1 b6
9.b3 Bb7 10.Nc3 Qc8 11.Bb2 c5 12.cxd5 exd5 13.Rac1 a6 14.Nh4 cxd4 15.Nf5 Bb4
16.Rxd4 Qc5 17.Qd2 g6 18.Qh6 gxf5 19.Nxd5  1-0

[Event "50th ch-IND Challengers 2012"]
[Site "Tirupati IND"]
[Date "2012.05.22"]
[Round "7.11"]
[White "Praveen Kumar,C1"]
[Black "Arvind,S"]
[Result "1/2-1/2"]
[WhiteElo "2342"]
[BlackElo "2273"]

1.d4 d5 2.c4 e6 3.Nf3 Nf6 4.g3 Be7 5.Bg2 O-O 6.O-O dxc4 7.Qc2 a6 8.Qxc4 b5
9.Qc2 Bb7 10.Bd2 Bd6 11.a3 Nbd7 12.Ba5 Ra7 13.Nbd2 Qa8 14.b4 e5 15.dxe5 Nxe5
16.Rfc1 Re8 17.Nh4 Bxg2 18.Nxg2 Neg4 19.Re1 Qd5 20.e4 Qh5 21.Nf3 Raa8 22.Rad1 h6
23.Ngh4 Ne5 24.Nxe5 Bxe5 25.Kg2 Re6 26.Qe2 Qxe2 27.Rxe2 Bd6  1/2-1/2

[Event "Asian Nations Chess Cup"]
[Site "Zaozhuang CHN"]
[Date "2012.05.22"]
[Round "5.1"]
[White "Zhang Zhong"]
[Black "Gundavaa,B"]
[Result "1/2-1/2"]
[WhiteElo "2593"]
[BlackElo "2516"]

1.Nf3 Nf6 2.c4 e6 3.g3 d5 4.Bg2 Be7 5.d4 O-O 6.O-O dxc4 7.Qc2 a6 8.a4 Bd7
9.Qxc4 Bc6 10.Bf4 Bd6 11.Bg5 Nbd7 12.Nc3 h6 13.Bxf6 Nxf6 14.Rfd1 Qe7 15.Nd2 Bxg2
16.Kxg2 c6 17.Nde4 Nxe4 18.Nxe4 Rfd8 19.Rac1 Rd7 20.f4 Rad8 21.e3 Kh8 22.Rd3 Bb4
23.Nc5 Bxc5 24.Qxc5 Qf6 25.Qc2 a5 26.Rc3 Rd5 27.Rc5 R8d7 28.Qc3 Qd8 29.b4 axb4
30.Qxb4 f6 31.a5 e5 32.fxe5 fxe5 33.Rxd5 Rxd5 34.Rf1 Kg8 35.Qxb7 Rxa5 36.Qxc6 exd4
37.Qc4+ Qd5+ 38.Qxd5+ Rxd5 39.Rd1 d3 40.e4 Rc5 41.Rxd3 Rc2+ 42.Kh3 Re2 43.Rd4 Kf7
44.Ra4 Kf6 45.Ra6+ Kf7  1/2-1/2

[Event "4th Limpedea Cup"]
[Site "Baia Sprie ROU"]
[Date "2012.05.23"]
[Round "3.1"]
[White "Manolache,M"]
[Black "Jianu,V"]
[Result "0-1"]
[WhiteElo "2545"]
[BlackElo "2500"]

1.d4 d5 2.Nf3 e6 3.g3 Nf6 4.Bg2 Be7 5.c4 O-O 6.O-O c5 7.cxd5 exd5 8.dxc5 Bxc5
9.a3 Nc6 10.b4 Bb6 11.Nc3 h6 12.Bb2 Re8 13.Rc1 a6 14.Na4 Ba7 15.Nc5 Ne4 16.Rc2 Nxc5
17.bxc5 Qe7 18.Qxd5 Be6 19.Qd2 Rad8 20.Qc3 Qf8 21.Ba1 Bf5 22.Rd2 Bxc5 23.Rxd8 Rxd8
24.Qb2 Rd7 25.Ne5 Nxe5 26.Qxe5 Be6 27.a4 b6 28.Bc6 Re7 29.Qb2 Bc4 30.Bf3 Rd7
31.Qc2 b5 32.axb5 axb5 33.Bb2 Qd8 34.Qf5 Bf8 35.Ra1 Rd1+ 36.Kg2 Rxa1 37.Bxa1 Qe7
38.Be5 g6 39.Qf4 Bg7 40.Bxg7 Kxg7 41.Qd4+ Qf6 42.Qd2 Qe5 43.h4 Kh7 44.g4 Qc5
45.Qa5 Qe7 46.Kh3 b4 47.h5 gxh5 48.gxh5 Be6+ 49.Kg3 Qg5+ 50.Qxg5 hxg5 51.Be4+ Kh6
52.f4 f6 53.Bb1 Kxh5 54.e4 b3 55.Bd3 b2 56.e5 fxe5 57.fxg5 Kxg5  0-1

[Event "71st ch-GEO 2012"]
[Site "Tbilisi GEO"]
[Date "2012.05.23"]
[Round "10"]
[White "Gagunashvili,M"]
[Black "Shanava,K"]
[Result "1-0"]
[WhiteElo "2570"]
[BlackElo "2589"]

1.Nf3 d5 2.d4 Nf6 3.c4 e6 4.g3 Be7 5.Bg2 O-O 6.O-O dxc4 7.Qc2 b5 8.a4 b4
9.Nfd2 c6 10.Nxc4 Qxd4 11.Be3 Qd8 12.Rd1 Nd5 13.Bd4 Ba6 14.e4 Bxc4 15.Qxc4 Nb6
16.Qe2 Qc8 17.a5 N6d7 18.e5 Na6 19.Nd2 Ndc5 20.Qe3 Qc7 21.Nc4 Rfd8 22.Rac1 Nb7
23.Qf3 Nxa5 24.Nxa5 Qxa5 25.Qxc6 Rab8 26.Ra1 Qb5 27.Qxb5 Rxb5 28.Rxa6 Bc5
29.Bf1 Rbb8 30.Bxc5 Rxd1 31.Rd6 Re1 32.Bxa7 Rc8 33.Be3 Rb1 34.Bd4 h6 35.Kg2 Rd1
36.b3 Rc2 37.Be3 Rxd6 38.exd6 Kf8 39.Bb5 Rc8 40.d7 Rb8 41.Bc5+  1-0

[Event "Albena Masters Open 2012"]
[Site "Albena BUL"]
[Date "2012.05.26"]
[Round "1.44"]
[White "Mitev,Miroslav"]
[Black "Ji Dan"]
[Result "0-1"]
[WhiteElo "1833"]
[BlackElo "2326"]

1.d4 d5 2.c4 e6 3.g3 Nf6 4.Bg2 Be7 5.Nf3 O-O 6.O-O dxc4 7.a4 Bd7 8.Ne5 Bc6
9.Bxc6 Nxc6 10.Nxc6 bxc6 11.Be3 Nd5 12.Qc2 Rb8 13.Nd2 c5 14.Nxc4 Nxe3 15.fxe3 cxd4
16.Ne5 Bg5 17.e4 d3 18.Qxd3 Rxb2 19.Nd7 Rd2 20.Nxf8 Rxd3 21.Nxe6 fxe6 22.exd3 Qxd3  0-1

[Event "Orlova Open 2012"]
[Site "Orlova CZE"]
[Date "2012.05.26"]
[Round "6.6"]
[White "Likavsky,T"]
[Black "Dobes,V"]
[Result "1-0"]
[WhiteElo "2442"]
[BlackElo "2076"]

1.d4 Nf6 2.c4 e6 3.g3 d5 4.Bg2 Be7 5.Nf3 O-O 6.Qc2 c6 7.O-O b6 8.Nbd2 Bb7
9.e4 dxe4 10.Nxe4 Nbd7 11.Rd1 Qc8 12.Nxf6+ Nxf6 13.c5 Nd7 14.Ng5 g6 15.Ne4 Re8
16.Bf4 Nf6 17.Nd6 Bxd6 18.Bxd6 Qd7 19.Re1 Nd5 20.h4 h5 21.Bh3 Ne7 22.Rad1 Nf5
23.Be5 Qe7 24.Qc1 Qf8 25.Bf6 Kh7 26.Qc2 b5 27.Qe2 Nh6 28.Qd2 a5 29.Qf4 Rac8
30.a3 b4 31.axb4 axb4 32.Ra1 Ra8 33.Qc7 Rab8 34.Bxe6  1-0

[Event "21st Chicago Open"]
[Site "Wheeling USA"]
[Date "2012.05.27"]
[Round "7"]
[White "Mikhalevski,V"]
[Black "Hess,Ro"]
[Result "1/2-1/2"]
[WhiteElo "2519"]
[BlackElo "2635"]

1.c4 e6 2.g3 d5 3.Bg2 Nf6 4.Nf3 Be7 5.d4 O-O 6.O-O dxc4 7.Qc2 b5 8.a4 b4
9.Nfd2 c6 10.Nxc4 Ba6 11.Rd1 Nbd7 12.Nbd2 Rc8 13.e4 Nb6 14.a5 Nxc4 15.Nxc4 Qd7
16.b3 Rfd8 17.Be3 Nd5 18.Bd2 Nf6 19.Bf4 Qb7 20.Rac1 Bb5 21.h3 Qa6 22.Be3 Nd5
23.Bd2 Nf6 24.Be3 Nd5 25.Bd2 Nf6  1/2-1/2

[Event "1st Euro 2012 Open"]
[Site "Lviv UKR"]
[Date "2012.05.28"]
[Round "1"]
[White "Pazderski,Z"]
[Black "Kozak,Dmytro"]
[Result "1-0"]
[WhiteElo "2185"]
[BlackElo "1887"]

1.d4 d5 2.c4 e6 3.Nf3 Nf6 4.g3 Be7 5.Bg2 O-O 6.Qc2 c6 7.O-O Nbd7 8.Nc3 dxc4
9.a4 Nd5 10.Rd1 a6 11.Nd2 Nb4 12.Qb1 c5 13.Nxc4 cxd4 14.Rxd4 Qc7 15.Ne3 Qb6
16.Rd1 Nf6 17.Nc4 Qc7 18.b3 e5 19.Ba3 Be6 20.Ne4 Nxe4 21.Bxe4 f5 22.Bxb4 Bxb4
23.Bd5 Bxd5 24.Rxd5 Bc3 25.Ra2 Qc6 26.Rd3 Bd4 27.e3 b5 28.exd4 bxc4 29.Qc1 exd4
30.Rxd4 c3 31.Rc4 Qg6 32.Qxc3 f4 33.Re2 Rad8 34.Re1 Rd3 35.Qe5 fxg3 36.hxg3 Rxb3
37.Rc7 Kh8 38.Kg2 Qb6 39.Qxg7+  1-0

[Event "ch-GER Junior U18 2012"]
[Site "Oberhof GER"]
[Date "2012.05.30"]
[Round "6.10"]
[White "Weber,Max2"]
[Black "Hahn,Markus"]
[Result "0-1"]
[WhiteElo "2062"]
[BlackElo "2148"]

1.d4 Nf6 2.c4 e6 3.g3 d5 4.Nf3 Be7 5.Bg2 O-O 6.O-O dxc4 7.Qc2 b5 8.a4 b4
9.Qxc4 Ba6 10.Qc2 Nbd7 11.Ne5 Nxe5 12.dxe5 Nd5 13.Rd1 Qc8 14.e4 Nb6 15.a5 Nd7
16.f4 c5 17.b3 Rd8 18.Nd2 Nb8 19.Bf1 Nc6 20.Bb2 Bxf1 21.Kxf1 Qc7 22.Nc4 Rxd1+
23.Qxd1 Rd8 24.Qc2 Qd7 25.Ke2 h6 26.h4 h5 27.Rc1 Qc7 28.Ra1 Rd7 29.Ke3 Qd8
30.Ke2 Qc8 31.Nd6 Bxd6 32.exd6 Qa6+ 33.Kf2 Rxd6 34.Rd1 Rxd1 35.Qxd1 Qxa5
36.Qd7 Qa2 37.Qxc6 Qxb2+ 38.Kf1 Qxb3 39.Qe8+ Kh7 40.Qxf7 Qf3+ 41.Kg1 Qxg3+
42.Kf1 Qf3+ 43.Kg1 Qg4+  0-1

[Event "TCh-FRA Top 12 2012"]
[Site "Belfort FRA"]
[Date "2012.05.31"]
[Round "1.2"]
[White "Feller,S"]
[Black "Apicella,M"]
[Result "1-0"]
[WhiteElo "2640"]
[BlackElo "2548"]

1.d4 e6 2.c4 Nf6 3.g3 d5 4.Nf3 Be7 5.Bg2 O-O 6.O-O dxc4 7.Qc2 a6 8.a4 b6
9.Qxc4 Bb7 10.Nc3 b5 11.Qb3 b4 12.a5 Nc6 13.e3 bxc3 14.Qxb7 Nb4 15.bxc3 Rb8
16.Qxb8 Qxb8 17.cxb4 Nd5 18.Bd2 f5 19.Ne5 Qb7 20.Rfc1 Bd6 21.Nc6 Ra8 22.Rab1 h6
23.Bf1 Kh7 24.b5 axb5 25.Rxb5 Qc8 26.Rb3 Ne7 27.Nxe7 Bxe7 28.Bg2 Ra7 29.Rb5 Qd7
30.Bc6 Qd6 31.e4 Bg5 32.Bxg5 hxg5 33.exf5 exf5 34.Rxf5 Qa3 35.Rcc5 Rxa5 36.Rxa5 Qc1+
37.Kg2 Qxc6+ 38.d5 Qc3 39.d6 cxd6 40.Rxg5 Qc6+ 41.Rad5 g6 42.h4 Kh6 43.h5 gxh5
44.Rxh5+ Kg6 45.g4 Qb7 46.Kh2 Qb4 47.Rhg5+ Kf6 48.Rdf5+ Ke7 49.Rg7+ Ke6 50.Rg6+ Ke7
51.Kg3 Qe1 52.Kh4 Kd7 53.Rf7+ Kc6 54.Rf5 Qe7+ 55.Kh5 Qe8 56.Rf6 Kc5 57.f4 d5
58.Rc6+ Kb5 59.Re6 Qf7  1-0

[Event "Albena Masters Open 2012"]
[Site "Albena BUL"]
[Date "2012.06.02"]
[Round "8.13"]
[White "Gutov,A"]
[Black "Arnaudov,G"]
[Result "1/2-1/2"]
[WhiteElo "2421"]
[BlackElo "2477"]

1.d4 Nf6 2.c4 e6 3.g3 d5 4.Bg2 Be7 5.Nf3 O-O 6.O-O dxc4 7.Qc2 b5 8.a4 b4
9.Nbd2 Bb7 10.Nxc4 Be4 11.Qb3 c5 12.Rd1 Nbd7 13.Nfe5 Bxg2 14.Kxg2 Rc8 15.Be3 Qc7
16.Rac1 Nxe5 17.dxe5 Nd7 18.f4 Nb6 19.Nd6 Qc6+ 20.Kf2 Nxa4 21.Nxc8 Rxc8 22.Ra1 Nb6
23.Rxa7 c4 24.Qc2 Bc5 25.Qd2 c3 26.bxc3 Nc4 27.Qd8+ Rxd8 28.Rxd8+ Bf8 29.Raa8 h5
30.cxb4 Qh1 31.Rxf8+ Kh7 32.f5 Qxh2+ 33.Kf3 Qh1+ 34.Kf2 exf5 35.Rh8+ Kg6
36.Bf4 Nb2 37.Ra6+ f6 38.Rd8 Qh2+ 39.Kf1 h4 40.exf6 Qh1+ 41.Kf2 Qh2+ 42.Kf3 Qh1+
43.Kf2  1/2-1/2

[Event "Server24Chess 2012"]
[Site "Val Gardena ITA"]
[Date "2012.06.02"]
[Round "1"]
[White "Solomon,K"]
[Black "De Napoli,G"]
[Result "1-0"]
[WhiteElo "2429"]
[BlackElo "2057"]

1.Nf3 Nf6 2.c4 e6 3.g3 d5 4.d4 Be7 5.Bg2 O-O 6.O-O dxc4 7.Qa4 c6 8.Qxc4 b5
9.Qc2 Bb7 10.Rd1 Qb6 11.Be3 Nd5 12.Bg5 Na6 13.Bxe7 Nxe7 14.Nbd2 Rac8 15.Ng5 g6
16.Nde4 Rfd8 17.Nc5 Nxc5 18.dxc5 Qc7 19.Qc3 Rxd1+ 20.Rxd1 Nd5 21.Qf3 a5 22.a3 Qe7
23.Ne4 Ra8 24.Nd6 Bc8 25.e4 Nc7 26.Bh3 Bd7 27.Qxf7+ Qxf7 28.Nxf7 Be8 29.Ng5 Na6
30.Nxe6 Kf7 31.f4 Ke7 32.f5 Bd7 33.f6+  1-0

[Event "1st Grand Europe Open"]
[Site "Golden Sands BUL"]
[Date "2012.06.05"]
[Round "2.3"]
[White "Cheparinov,I"]
[Black "Tunik,G"]
[Result "0-1"]
[WhiteElo "2673"]
[BlackElo "2429"]

1.d4 Nf6 2.c4 e6 3.Nf3 d5 4.g3 Be7 5.Bg2 O-O 6.O-O dxc4 7.Qc2 a6 8.a4 Bd7
9.Qxc4 Bc6 10.Bf4 Bd6 11.Nc3 a5 12.Bg5 Bb4 13.Rfe1 h6 14.Bxf6 Qxf6 15.e4 Nd7
16.Qe2 Nb6 17.Ne5 Be8 18.Red1 c5 19.Ng4 Qe7 20.e5 Bxc3 21.bxc3 Bc6 22.Bxc6 bxc6
23.Qf3 Nd5 24.c4 Nb4 25.dxc5 Qxc5 26.Qe4 Rfd8 27.h4 Qe7 28.Qf4 Rd3 29.Rxd3 Nxd3
30.Qd2 Nc5 31.Rd1 Nxa4 32.Ra1 Qb4 33.Nf6+ gxf6 34.Qxh6 Qf8 35.Qe3 Qc5 36.Qh6 Qxe5
37.Rxa4 Rd8 38.c5 Rd4 39.Rxd4 Qxd4 40.Qc1 a4 41.Kg2 Qe4+ 42.Kh2 Qf3  0-1

[Event "4th Rheinland-Pfalz Open 2012"]
[Site "Altenkirchen GER"]
[Date "2012.06.07"]
[Round "1.3"]
[White "Sumets,A"]
[Black "Jenisch,Achim"]
[Result "1-0"]
[WhiteElo "2599"]
[BlackElo "1859"]

1.d4 e6 2.c4 Nf6 3.g3 d5 4.Nf3 Be7 5.Bg2 O-O 6.Qc2 c6 7.O-O Nbd7 8.Nbd2 Re8
9.e4 Nxe4 10.Nxe4 dxe4 11.Qxe4 Bf6 12.Bf4 Nf8 13.Rfd1 Ng6 14.Be3 Qc7 15.h4 Qa5
16.Bd2 Qf5 17.Qxf5 exf5 18.Bg5 Bxg5 19.Nxg5 Nf8 20.d5 h6 21.dxc6 hxg5 22.cxb7 Bxb7
23.Bxb7 Rab8 24.Bc6 Re2 25.b3 gxh4 26.gxh4 Ng6 27.Rd4 Ne5 28.Bg2 Ng4 29.Bf3 Rb2
30.Bxg4 fxg4 31.Rxg4 Rd8 32.Rc1 Rdd2 33.c5 Rxa2 34.c6 Rd8 35.c7 Rc8 36.Rd4  1-0

[Event "19th Metropolitan IM"]
[Site "Los Angeles USA"]
[Date "2012.06.07"]
[Round "2"]
[White "Kudryavtsev,V"]
[Black "Sharma,Arun1"]
[Result "0-1"]
[WhiteElo "2142"]
[BlackElo "2331"]

1.Nf3 e6 2.c4 Nf6 3.g3 d5 4.Bg2 Be7 5.d4 O-O 6.O-O dxc4 7.Qc2 a6 8.a4 Bd7
9.Qxc4 Bc6 10.Bg5 Nbd7 11.Nc3 Nd5 12.Bxe7 Qxe7 13.Rfe1 Nb4 14.Qb3 b6 15.Rad1 a5
16.e4 Rac8 17.Bf1 Bb7 18.Bc4 h6 19.Rd2 Rfd8 20.Qd1 Kh8 21.b3 Qf8 22.Re3 g5
23.h4 Kg7 24.h5 Qe7 25.d5 Nc5 26.Nd4 Kh8 27.Nc2 Nxc2 28.Qxc2 e5 29.Be2 c6
30.Bg4 Rc7 31.Qd1 Rd6 32.Kh2 Kg7 33.Kg1 Na6 34.Be2 Nb4 35.Bc4 Rcd7 36.Qf3 Rd8
37.Re1 Bc8 38.Nd1 f5 39.Ne3 f4 40.Nf5+ Bxf5 41.exf5 cxd5 42.Bb5 Qf6 43.Qc3 e4
44.Qc7+ Qf7 45.f6+ Kg8 46.Qe7 Qxf6 47.Qxf6 Rxf6 48.Rxe4 fxg3 49.fxg3 Rdf8
50.Re7 Rf3 51.Kg2 Rxb3 52.Bc4 Rb1 53.Bxd5+ Nxd5 54.Rxd5 Rf7 55.Re4 Rbf1 56.Kh3 R1f6
57.Rd8+ Kg7 58.Kg4 Rc6 59.Kh3 Kf6 60.Kg4 Rfc7 61.Rdd4 Re7 62.Rxe7 Kxe7 63.Kf5 Rd6
64.Rc4 Kd7 65.Ke5 Rc6 66.Rd4+ Kc7 67.Kf5 Rd6 68.Rc4+ Kb7 69.g4 b5 70.axb5 Kb6
71.Rc8 Kxb5 72.Ke5 Rb6 73.Kd4 a4 74.Ra8 Kb4 75.Kd3 Kb3 76.Rg8 a3 77.Rg6 Rb4
78.Rxh6 a2 79.Ra6 Ra4 80.Rb6+ Ka3  0-1

[Event "4th Rheinland-Pfalz Open 2012"]
[Site "Altenkirchen GER"]
[Date "2012.06.08"]
[Round "3.10"]
[White "Schulz Knappe,F"]
[Black "Dervishi,E"]
[Result "0-1"]
[WhiteElo "2166"]
[BlackElo "2540"]

1.d4 Nf6 2.Nf3 e6 3.c4 d5 4.g3 Be7 5.Bg2 O-O 6.O-O b6 7.cxd5 exd5 8.Nc3 Bb7
9.Qa4 Na6 10.Bg5 Qe8 11.Qb3 c5 12.Rad1 c4 13.Qc2 Nc7 14.Rfe1 b5 15.Bxf6 Bxf6
16.e4 Qd8 17.Ne5 Bxe5 18.dxe5 d4 19.Nxb5 Nxb5 20.Qxc4 Qa5 21.a4 Nc7 22.b4 Qxe5
23.Rxd4 Rfd8 24.Rdd1 Ne6 25.f4 Qc7 26.Qxc7 Nxc7 27.Kf2 Na6 28.Rxd8+ Rxd8  0-1

[Event "TCh-FRA Top 12 2012"]
[Site "Belfort FRA"]
[Date "2012.06.09"]
[Round "10.2"]
[White "Meier,Geo"]
[Black "Terrieux,K"]
[Result "1-0"]
[WhiteElo "2637"]
[BlackElo "2372"]

1.c4 Nf6 2.d4 e6 3.g3 d5 4.Bg2 Be7 5.Nf3 O-O 6.O-O dxc4 7.Qc2 a6 8.a4 Bd7
9.Rd1 Bc6 10.Nc3 a5 11.e4 Na6 12.Ne5 Nb4 13.Qe2 Nd3 14.Nxc4 Nxc1 15.Raxc1 Bb4
16.Nb5 Nd7 17.Ne3 Nb6 18.b3 Bxb5 19.Qxb5 c6 20.Qh5 Qf6 21.d5 cxd5 22.exd5 exd5
23.Bxd5 g6 24.Qe2 Rab8 25.Rc7 Qe5 26.Rxb7 Nxd5 27.Rxb8 Rxb8 28.Rxd5 Qa1+
29.Kg2 Qc3 30.Rd3 Qe5 31.Qf3 h5 32.Nc4 Qc7 33.Rd5 Re8 34.Rb5 Qd8 35.Ne5  1-0

[Event "TCh-FRA Top 12 2012"]
[Site "Belfort FRA"]
[Date "2012.06.09"]
[Round "10.7"]
[White "Maze,S"]
[Black "Moussard,J"]
[Result "0-1"]
[WhiteElo "2594"]
[BlackElo "2402"]

1.d4 Nf6 2.Nf3 e6 3.c4 d5 4.g3 Be7 5.Bg2 O-O 6.O-O dxc4 7.Qa4 a6 8.Qxc4 b5
9.Qc2 Bb7 10.Bd2 Ra7 11.Re1 Be4 12.Qc1 Nc6 13.e3 b4 14.Ne5 Bxg2 15.Nxc6 Bxc6
16.Qxc6 Qd5 17.Rc1 Rb8 18.Be1 Qh5 19.Nd2 e5 20.dxe5 Ng4 21.Nf3 Nxe5 22.Nxe5 Qxe5
23.Rc2 Bf8 24.Rd1 Rb6 25.Qc4 c5 26.Rd8 Rb8 27.Rcd2 a5 28.f4 Qc7 29.R8d5 Qc6
30.e4 Qa6 31.Rc2 Qxc4 32.Rxc4 Rc7 33.Kf1 f6 34.Ke2 Kf7 35.Kd3 g6 36.Rc1 Rbc8
37.Kc4 Re8 38.e5 Rce7 39.Rxc5 fxe5 40.fxe5 Rd7 41.Rc6 Rxe5 42.Bf2 Rd2 43.Bg1 Rf5
44.Rc7+ Kg8 45.b3 Rxa2 46.Ra7 Re2 47.g4 Re4+ 48.Kd3 Rxg4  0-1

[Event "FSIMB June 2012"]
[Site "Budapest HUN"]
[Date "2012.06.10"]
[Round "8.2"]
[White "Volodin,V"]
[Black "Lengyel,B"]
[Result "1/2-1/2"]
[WhiteElo "2197"]
[BlackElo "2260"]

1.c4 e6 2.g3 d5 3.Nf3 Nf6 4.Bg2 Be7 5.d4 O-O 6.O-O Nbd7 7.Qc2 c6 8.b3 b6
9.Bb2 Bb7 10.Nbd2 Rc8  1/2-1/2